000
00302nam a2200121Ia 4500
005
20251222143118.0
008
251222s9999||||xx |||||||||||||| ||spa||
082
_a
355.223/R24
100
_a
Ramón Quintana, Juan
245
0
_a
El Servicio Militar en América Latina:
264
_b
Ceapaz
942
_c
LIB
999
_c
11443
_d
11443